000 01783nam a22002177a 4500
999 _c58772
_d58772
003 Ge_BSU
005 20220721113106.0
008 220721s2022ge xxu||||| |||| 00| 0 geo d
041 _ageo
080 _a33 ბ-52
100 _aბერიძე,ირინე
_914455
245 _aადგილის ბრენდინგის პრობლემები და პერსპექტივები საქართველოში:
_bდისერტაცია წარმოდგენილია ბიზნესის ადმინისტრირების აკადემიური ხარისხის მოსაპოვებლად /
_cირინე ბერიძე, სამეცნ.ხელმძღვ. გელა მამულაძე.
264 _aბათუმი:
_bბათუმის შოთა რუსთაველის სახელმწიფო უნივერსიტეტი,
_c2022.
300 _a168 გვ.:
_bცხრ;
_c30 სმ.
653 _aადგილის ბრენდინგის პრობლემები და პერსპექტივები საქართველოში:
653 _aეკონომიკა
700 _aმამულაძე, გელა
_eსამეცნიერო ხელმძღვანელი
_914456
710 _aბათუმის შოთა რუსთაველის სახელმწიფო უნივერსიტეტი
_914457
710 _aბიზნესის ადმინისტრირების მენეჯმენტისა და მარკეტინგის დეპარტამენტი
_93220
942 _2udc
_cDS